LEADER 01831nam0 22004333i 450 001 CFI0085263 005 20251003044119.0 100 $a20130827d1984 ||||0itac50 ba 101 | $aita 102 $ait 181 1$6z01$ai $bxxxe 182 1$6z01$an 183 1$6z01$anc$2RDAcarrier 200 1 $aScritti minori, epigrafici e papirologici$fGiuseppe Ignazio Luzzatto$ga cura di Roberto Bonini 210 $aSala Bolognese$cA. Forni$dstampa 1984 215 $aXXIII, 1138 p.$cill.$d25 cm. 225 | $aRistampe$fFacoltą di giurisprudenza dell'Universitą di Bologna, Istituto giuridico A. Cicu$v1 410 0$1001CFI0047846$12001 $aRistampe$fFacoltą di giurisprudenza dell'Universitą di Bologna, Istituto giuridico A. Cicu$v1$171201$aUniversitą degli studi$c $b : Istituto giuridico$3CFIV054635 606 $aDiritto romano$2FIR$3CFIC000982$9E 606 $aEpigrafia greca$2FIR$3CFIC014175$9E 606 $aEpigrafia latina$2FIR$3CFIC041013$9E 606 $aPapirologia$2FIR$3CFIC041014$9E 676 $a340.54$9DIRITTO ROMANO$v21 676 $a471.1$9$v21 696 $aIus Romanum$aJus$aIus 699 $aDiritto romano$yIus Romanum 699 $aDiritto romano$zJus 699 $aDiritto romano$yIus 700 1$aLuzzatto$b, Giuseppe Ignazio$3CFIV007718$4070$0184338 702 1$aBonini$b, Roberto$3CFIV047308 790 1$aLuzzatto$b, G.$3BVEV309243$zLuzzatto, Giuseppe Ignazio 801 3$aIT$bIT-000000$c20130827 850 $aIT-BN0095 901 $bNAP 01$cD $n$ 912 $aCFI0085263 950 0$aBiblioteca Centralizzata di Ateneo$d 01D (AR) 13 329$e 01AR 0700133295 VMA 1 v.$fY $h19941027$i20180829 977 $a 01 996 $aScritti minori epigrafici e papirologici$9721465 997 $aUNISANNIO